000 00400nam a2200145Ia 4500
008 231129s1993||||xx |||||||||||||| ||spa||
020 _a84-7838-387-5
040 _bspa
082 _a932 A832h
100 _aAsimov Isaac
245 0 _aHistoria de los egipcios
260 _c1993
264 _aMadrid EspaƱa : Alianza ediciones del Prado
942 _2ddc
_cBKS
999 _c15200
_d15200